000 00718nas a2200265 4500
001 BR8503183
003 BR-BrBNA
005 20231205090235.0
007 ta
008 230509b bl.|||p| |||| 00| 00por d
040 _aBR-BrBNA
_bpor
_cBiblioteca Nacional de Agricultura
041 _a(Pt)
072 _aQ02
100 1 _aAlencar, N. de
245 1 _aProcessamento artesanal de carnes de caprinos
650 _aTECNOLOGIA DE ALIMENTO
650 _aCARNE
650 _aCAPRINO
650 _aPELE
650 _aDEFUMACAO
650 _aCURTUME
773 0 _tLavoura (Brazil)
_xISSN 0023-9135
_g(Sep-Oct 1985), v. 87 p. 32-35
_wBR8503183
909 _a202311
_bLúcia
_c55
_dLúcia Elande
942 _2AGRIS
_n0
_cANA
999 _c117050
_d117050